00738nam a2200241 a 4500001001300000003000900013005001700022008004100039020002300080082001800103100002900121245003400150260005000184300000900234500003500243505002400278650001400302700002900316902000800345942000700353952011900360999001700479nice12345678IN_TiNIC20260116014427.0050524s2003 dela grp 000 0 eng  a8185063 c18000a297.211bKHA3 aKhawaldeh, Samira Fayyad aMost Beautiful Names of Allah aDelhibIslamic Centre(al-Risala Office c2003 a217p aincludes index and biblioraphy2 aBibliography, Index aGod-Islam1 aKhawaldeh, Samira Fayyad bSRS cBK 001040708StackRoom-aHMIbHMId2007-07-11g180.00l0o297.211 KHA3p020349r2007-07-11v180.00w2005-05-24yBK c15255d15255